[Event "English Online Blitz Gp1"]
[Site "chess.com INT"]
[Date "2020.05.09"]
[Round "2"]
[White "Sedykh, Mikhail"]
[Black "Okhai, Shabir"]
[Result "1-0"]
[WhiteElo "2119"]
[BlackElo "2099"]
[WhiteFideId "447498"]
[BlackFideId "445134"]
[EventDate "2020.05.09"]
[EventType "blitz"]

1. d4 Nf6 2. c4 e6 3. Nf3 c5 4. d5 exd5 5. cxd5 d6 6. Nc3 g6 7. e4 a6 8. a4 Bg4
9. Be2 Bxf3 10. Bxf3 Nbd7 11. O-O Bg7 12. Bf4 Qe7 13. Re1 O-O 14. Qc2 Rac8 15.
Rad1 Rfe8 16. h3 c4 17. g4 Nc5 18. e5 dxe5 19. Rxe5 Qd7 20. Rxe8+ Nxe8 21. Bg3
Nd6 22. Re1 b5 23. axb5 axb5 24. Qd2 Nd3 25. Re2 b4 26. Ne4 Nxe4 27. Bxe4 Bxb2
28. Bxd3 cxd3 29. Qxd3 Bg7 30. d6 Rc3 31. Qa6 Bf6 32. Kh2 b3 33. Qa8+ Kg7 34.
Qb8 Rc2 35. Re3 b2 36. Bf4 Rxf2+ 37. Kg3 Rc2 38. g5 Bd4 39. Rd3 1-0

[Event "English Online Blitz Gp1"]
[Site "chess.com INT"]
[Date "2020.05.09"]
[Round "2"]
[White "Adair, James R"]
[Black "Chaplin, Peter E"]
[Result "1-0"]
[WhiteTitle "IM"]
[WhiteElo "2450"]
[BlackElo "2046"]
[WhiteFideId "406252"]
[BlackFideId "406554"]
[EventDate "2020.05.09"]
[EventType "blitz"]

1. e4 c5 2. Nf3 Nc6 3. d4 cxd4 4. Nxd4 Nf6 5. Nc3 e5 6. Ndb5 h6 7. Nd6+ Bxd6 8.
Qxd6 Qe7 9. Qd1 O-O 10. Be3 d6 11. Be2 Be6 12. O-O Rfd8 13. Nd5 Bxd5 14. exd5
Nb8 15. a4 Nbd7 16. a5 a6 17. c4 Nf8 18. b4 Ng6 19. Re1 Qd7 20. Qb3 Ng4 21. Bb6
Re8 22. h3 Nf6 23. Rad1 Nf4 24. Bf1 Qf5 25. Kh2 Nd7 26. Be3 Ng6 27. Be2 Nf6 28.
g3 e4 29. c5 dxc5 30. bxc5 Rad8 31. d6 Rd7 32. Kg2 Ne5 33. g4 Qg6 34. Kh2 Nf3+
35. Bxf3 exf3 36. Qd3 Qxd3 37. Rxd3 Rc8 38. Rb1 Ne4 39. Rd4 Nc3 40. Rb3 Nb5 41.
Re4 g6 42. Kg3 Kg7 43. Kxf3 f5 44. gxf5 gxf5 45. Re6 h5 46. Kf4 Kf7 47. Kxf5 Rf8
48. Rf6+ Kg7 49. Rxf8 Kxf8 50. Ke6 Rf7 51. Bh6+ Kg8 52. Rg3+ 1-0

[Event "English Online Blitz Gp1"]
[Site "chess.com INT"]
[Date "2020.05.09"]
[Round "2"]
[White "Ashworth, Robert"]
[Black "Barry, Steve"]
[Result "1-0"]
[WhiteElo "1577"]
[BlackElo "1564"]
[WhiteFideId "426563"]
[BlackFideId "453439"]
[EventDate "2020.05.09"]
[EventType "blitz"]

1. e4 e5 2. Nf3 Nc6 3. Bc4 Nf6 4. Ng5 Bc5 5. O-O O-O 6. d3 d5 7. exd5 Bg4 8. Nf3
Nxd5 9. Nbd2 Nd4 10. c3 Nxf3+ 11. Nxf3 Nb6 12. Bb3 Qf6 13. Be3 Bxf3 14. Qxf3
Qxf3 15. gxf3 Bd6 16. Rad1 Nd7 17. Rfe1 Nc5 18. Bc2 Rfe8 19. b4 Nd7 20. a3 b6
21. Bb3 Rad8 22. Bg5 Rc8 23. Re2 h6 24. Bh4 g5 25. Bg3 Nf6 26. Rde1 Nh5 27. Bxe5
Bxe5 28. Rxe5 Kf8 29. Rxe8+ Rxe8 30. Rxe8+ Kxe8 31. Bc4 Nf4 32. Kf1 f6 33. Ke1
Kd7 34. Kd2 Kd6 35. Ke3 Nd5+ 36. Bxd5 Kxd5 37. f4 f5 38. fxg5 hxg5 39. c4+ Ke6
40. Kd4 f4 41. Ke4 Kf6 42. f3 Ke6 43. d4 c6 44. d5+ cxd5+ 45. cxd5+ Kd6 46. Kd4
a6 47. a4 a5 48. bxa5 bxa5 49. Kc4 Kc7 50. Kc5 Kd7 51. d6 Kd8 52. Kc6 Kc8 53.
d7+ Kd8 54. h3 g4 55. hxg4 1-0

[Event "English Online Blitz Gp1"]
[Site "chess.com INT"]
[Date "2020.05.09"]
[Round "2"]
[White "Dong, Bao Nghia"]
[Black "Borland, Scott"]
[Result "1-0"]
[WhiteTitle "CM"]
[WhiteElo "2227"]
[BlackElo "1782"]
[WhiteFideId "12400343"]
[BlackFideId "437875"]
[EventDate "2020.05.09"]
[EventType "blitz"]

1. d4 d5 2. c4 dxc4 3. Nc3 c5 4. e3 Nf6 5. Bxc4 e6 6. Nf3 Nc6 7. O-O Be7 8. a3
cxd4 9. exd4 O-O 10. h3 b6 11. Bf4 Bb7 12. Rc1 Rc8 13. Qd3 Na5 14. Ba6 Bxa6 15.
Qxa6 Nc6 16. Nb5 Nd5 17. Bh2 Qd7 18. Ne5 Nxe5 19. Bxe5 Ra8 20. Nc7 Rac8 21. Nb5
Ra8 22. Rc2 Rfc8 23. Rfc1 Rxc2 24. Rxc2 Bf6 25. Nd6 Bxe5 26. dxe5 h6 27. Qc4 Ne7
28. Qc7 Qxc7 29. Rxc7 Nd5 30. Rxf7 a5 31. Rb7 Rf8 32. f3 Rf4 33. Rb8+ Kh7 34.
Re8 Rd4 35. Rxe6 Nf4 36. Re7 Ng6 37. Re6 Nxe5 38. Rxe5 Rxd6 39. Rb5 Rc6 40. Kf2
Kg6 41. g4 Kf6 42. Kg3 Kg6 43. h4 Kf6 44. h5 Rd6 45. f4 Rd3+ 46. Kh4 Rd6 47. g5+
hxg5+ 48. fxg5+ Kf7 49. Kg4 Rc6 50. Kf5 Rd6 51. g6+ Ke7 52. Re5+ Kd7 53. b4 axb4
54. axb4 Rd4 55. b5 Rd1 56. h6 gxh6 57. Kf6 Rg1 58. Rd5+ Kc7 59. Rh5 Rf1+ 60.
Kg7 Kd7 61. Kxh6 Ke7 62. Kg7 Re1 63. Kg8 Ke8 64. g7 Re6 65. Kh7 Ke7 66. g8=Q
Rh6+ 67. Kxh6 1-0

[Event "English Online Blitz Gp1"]
[Site "chess.com INT"]
[Date "2020.05.09"]
[Round "2"]
[White "Palucha, Szymon"]
[Black "Fernandez, Daniel Howard"]
[Result "1-0"]
[BlackTitle "GM"]
[WhiteElo "1990"]
[BlackElo "2466"]
[WhiteFideId "430005"]
[BlackFideId "5801605"]
[EventDate "2020.05.09"]
[EventType "blitz"]

1. e4 c6 2. d4 d5 3. exd5 cxd5 4. c4 Nf6 5. Nc3 e6 6. Nf3 Be7 7. cxd5 Nxd5 8.
Bd3 Nc6 9. O-O O-O 10. a3 Bf6 11. Bc2 b6 12. Qd3 g6 13. Bh6 Bg7 14. Bg5 Qd7 15.
Rad1 Bb7 16. Rfe1 Rac8 17. Ne4 Ncb4 18. axb4 Nxb4 19. Qd2 Rxc2 20. Qxb4 Bxe4 21.
Rxe4 Qd5 22. Rde1 Rfc8 23. Bd2 Bf8 24. Qa4 Rxb2 25. Qxa7 Ra8 26. Qc7 Bd6 27. Qc3
Rba2 28. Bh6 b5 29. Ne5 f6 30. Ng4 Be7 31. Rxe6 R2a3 32. Qc6 Qxc6 33. Rxc6 Bb4
34. Rb1 R3a6 35. Rxa6 Rxa6 36. h3 Bd6 37. Nxf6+ Kf7 38. Ne4 Bb8 39. g3 Rb6 40.
Be3 b4 41. Nc5 Bd6 42. Rb3 Rb5 43. Bd2 Bxc5 44. dxc5 Rxc5 45. Bxb4 Rb5 46. Rf3+
Ke6 47. Bd2 Rb1+ 48. Kg2 h5 49. h4 Rb8 50. Bg5 Rg8 51. Rf6+ Ke5 52. Rf7 Ke6 53.
Ra7 Re8 54. Ra6+ Kf7 55. Rf6+ Kg7 56. Rf4 Re6 57. f3 Ra6 58. g4 Rb6 59. gxh5
gxh5 60. Kg3 Kg6 61. Re4 Kf5 62. Ra4 Kg6 63. Kf4 Rc6 64. Rb4 Ra6 65. Ke4 Re6+
66. Kd5 Ra6 67. f4 Kf5 68. Rb5 Ra1 69. Kd4+ Kg4 70. Ke5 Ra8 71. f5 Re8+ 72. Kf6
Rb8 73. Rxb8 1-0

[Event "English Online Blitz Gp1"]
[Site "chess.com INT"]
[Date "2020.05.09"]
[Round "3"]
[White "Waterfield, Mark"]
[Black "Burnett, Leon P"]
[Result "1-0"]
[WhiteElo "1641"]
[BlackElo "1834"]
[WhiteFideId "464910"]
[BlackFideId "444448"]
[EventDate "2020.05.09"]
[EventType "blitz"]

1. d4 Nf6 2. Nf3 e6 3. Bg5 Be7 4. Nbd2 d6 5. e4 Nbd7 6. c3 h6 7. Bxf6 Bxf6 8.
Bc4 O-O 9. O-O c6 10. d5 cxd5 11. exd5 Nb6 12. Qb3 Nxc4 13. Qxc4 e5 14. Ne4 Bg4
15. Nxf6+ Qxf6 16. Qxg4 Rac8 17. Nd2 Rc5 18. Ne4 1-0

[Event "English Online Blitz Gp1"]
[Site "chess.com INT"]
[Date "2020.05.09"]
[Round "3"]
[White "Waterfield, Mark"]
[Black "Arkell, Keith C"]
[Result "0-1"]
[BlackTitle "GM"]
[WhiteElo "1641"]
[BlackElo "2429"]
[WhiteFideId "464910"]
[BlackFideId "400270"]
[EventDate "2020.05.09"]
[EventType "blitz"]

1. e4 c6 2. Nf3 d5 3. Nc3 Bg4 4. h3 Bxf3 5. Qxf3 dxe4 6. Nxe4 Nd7 7. d3 Ngf6 8.
Nxf6+ Nxf6 9. Bd2 e6 10. Be2 Qd5 11. O-O Qxf3 12. Bxf3 Be7 13. Bc3 O-O 14. Rad1
Rfd8 15. Rfe1 Nd5 16. Bd2 Bf6 17. Bc1 Nb4 18. Rd2 Nxa2 19. c3 Nxc1 20. Rxc1 Bg5
21. Rcd1 Bxd2 22. Rxd2 Rd7 23. d4 Rad8 24. Rd1 e5 0-1

[Event "English Online Blitz Gp1"]
[Site "chess.com INT"]
[Date "2020.05.09"]
[Round "3"]
[White "Jones, Gawain C B"]
[Black "Stepanyan, Henrik"]
[Result "1-0"]
[WhiteTitle "GM"]
[WhiteElo "2670"]
[BlackElo "2196"]
[WhiteFideId "409561"]
[BlackFideId "401030"]
[EventDate "2020.05.09"]
[EventType "blitz"]

1. e4 d6 2. d4 Nf6 3. Nc3 Nbd7 4. g4 h6 5. g5 hxg5 6. Bxg5 c6 7. Qd2 b5 8. Bd3
Qb6 9. Nf3 Bb7 10. e5 Nd5 11. Nxd5 cxd5 12. e6 fxe6 13. a4 bxa4 14. Rxa4 e5 15.
Rb4 Qc7 16. Bg6+ Kd8 17. Be3 a5 18. Ng5 Kc8 19. Rb3 Kb8 20. Ne6 Qc4 21. Bd3 Qa4
22. Qc3 1-0

[Event "English Online Blitz Gp1"]
[Site "chess.com INT"]
[Date "2020.05.09"]
[Round "3"]
[White "Purton, Ben J"]
[Black "Rendle, Thomas E"]
[Result "1/2-1/2"]
[BlackTitle "IM"]
[WhiteElo "2154"]
[BlackElo "2365"]
[WhiteFideId "411132"]
[BlackFideId "408760"]
[EventDate "2020.05.09"]
[EventType "blitz"]

1. d4 f5 2. Nc3 Nf6 3. Bg5 d5 4. Bxf6 exf6 5. e3 Be6 6. Bd3 Nc6 7. Qf3 Qd7 8. a3
Ne7 9. Nge2 O-O-O 10. h4 h5 11. O-O-O Kb8 12. Nf4 Bf7 13. Bb5 c6 14. Ba4 Nc8 15.
Nd3 b6 16. b4 Nd6 17. Bb3 Ne4 18. Kb2 Bd6 19. g3 Rhe8 20. Nf4 Rh8 21. Qe2 Qe7
22. Nxe4 fxe4 23. c4 1/2-1/2

[Event "English Online Blitz Gp1"]
[Site "chess.com INT"]
[Date "2020.05.09"]
[Round "3"]
[White "Burrows, Martin P"]
[Black "Lazarevic, Ljubica"]
[Result "1-0"]
[WhiteElo "2125"]
[BlackElo "1480"]
[WhiteFideId "409057"]
[BlackFideId "418765"]
[EventDate "2020.05.09"]
[EventType "blitz"]

1. e4 e5 2. Nf3 Nc6 3. d4 Nf6 4. d5 Ne7 5. Nc3 d6 6. Bb5+ Bd7 7. Bxd7+ Qxd7 8.
Bg5 Ng6 9. O-O h6 10. Bxf6 gxf6 11. Ne2 Rg8 12. Ng3 Nf4 13. Nh4 Rg4 14. Ngf5 h5
15. g3 Nh3+ 16. Kg2 Ng5 17. f3 Rxh4 18. gxh4 Nxe4 19. fxe4 Qa4 20. Qd3 O-O-O 21.
Kh1 c6 22. b3 Qa5 23. c4 c5 24. Rg1 Qc7 25. a3 Be7 26. b4 cxb4 27. axb4 Rh8 28.
Rxa7 Qb6 29. Ra8+ 1-0

[Event "English Online Blitz Gp1"]
[Site "chess.com INT"]
[Date "2020.05.09"]
[Round "3"]
[White "Starley, Robert"]
[Black "Hunt, Adam C"]
[Result "0-1"]
[BlackTitle "IM"]
[WhiteElo "2084"]
[BlackElo "2398"]
[WhiteFideId "421006"]
[BlackFideId "403970"]
[EventDate "2020.05.09"]
[EventType "blitz"]

1. e4 c5 2. Nf3 e6 3. d4 cxd4 4. Nxd4 a6 5. Nc3 Qc7 6. f4 b5 7. a3 Bb7 8. Bd3 d6
9. Be3 Nd7 10. O-O Ngf6 11. Kh1 g6 12. Qe2 Bg7 13. Rad1 O-O 14. f5 exf5 15. exf5
Rae8 16. Qd2 Ne5 17. Nf3 Nxf3 18. gxf3 Qd7 19. fxg6 fxg6 20. Ne4 Nd5 21. Bh6 Qh3
22. Bxg7 Rxf3 23. Bd4 Rxe4 24. Bg1 Re5 25. Be2 Rxf1 26. Bxf1 Ne3+ 27. Bg2 Bxg2+
28. Qxg2 Qxg2# 0-1

[Event "English Online Blitz Gp1"]
[Site "chess.com INT"]
[Date "2020.05.09"]
[Round "3"]
[White "Storey, Charles H"]
[Black "Ghasi, Ameet K"]
[Result "0-1"]
[WhiteTitle "FM"]
[BlackTitle "IM"]
[WhiteElo "2220"]
[BlackElo "2485"]
[WhiteFideId "406686"]
[BlackFideId "409200"]
[EventDate "2020.05.09"]
[EventType "blitz"]

1. g3 g6 2. Bg2 Bg7 3. c4 Nf6 4. Nc3 O-O 5. d4 d6 6. e3 Nbd7 7. Nge2 e5 8. O-O
Re8 9. d5 e4 10. Qc2 Qe7 11. b3 h5 12. Bb2 h4 13. Rad1 Nc5 14. Nc1 a5 15. Ba3 b6
16. Nb5 Bg4 17. Rd4 Bf5 18. Rfd1 Nh7 19. R4d2 Ng5 20. Nd4 Bg4 21. gxh4 Nf3+ 22.
Bxf3 exf3 23. Kh1 Qxh4 24. Rg1 Ne4 25. Nd3 Bxd4 26. exd4 Bf5 27. Qb2 Kg7 28. Ne1
Qxh2+ 29. Kxh2 Rh8# 0-1

[Event "English Online Blitz Gp1"]
[Site "chess.com INT"]
[Date "2020.05.09"]
[Round "3"]
[White "Harvey, Marcus R"]
[Black "Sygnowski, Tomasz"]
[Result "1/2-1/2"]
[WhiteTitle "FM"]
[WhiteElo "2440"]
[BlackElo "2143"]
[WhiteFideId "400092"]
[BlackFideId "1115880"]
[EventDate "2020.05.09"]
[EventType "blitz"]

1. Nf3 d5 2. b3 Nf6 3. Bb2 Bf5 4. e3 Nbd7 5. Nh4 Bg6 6. c4 e6 7. Be2 Bd6 8. Nc3
c6 9. Nxg6 hxg6 10. Qc2 Qa5 11. a3 dxc4 12. Bxc4 Ne5 13. b4 Qc7 14. Be2 Neg4 15.
h3 Bg3 16. Ne4 Nxe4 17. Bxg4 Nxf2 18. Ke2 Nxh1 19. Rxh1 Be5 20. d4 Bf6 21. Bf3
Rc8 22. Rc1 O-O 23. b5 c5 24. dxc5 Bxb2 25. Qxb2 Rfd8 26. c6 bxc6 27. bxc6 Qd6
28. Qc3 Rc7 29. Rb1 e5 30. Rb7 f5 31. Rxc7 Qxc7 32. Qc4+ Kh7 33. Qh4+ Kg8 34.
Qc4+ Kh7 35. Qh4+ Kg8 36. Qc4+ 1/2-1/2

[Event "English Online Blitz Gp1"]
[Site "chess.com INT"]
[Date "2020.05.09"]
[Round "3"]
[White "Vleeshhouwer, Douglas"]
[Black "Claridge-Hansen, William"]
[Result "0-1"]
[BlackTitle "FM"]
[WhiteElo "1960"]
[BlackElo "2290"]
[WhiteFideId "439061"]
[BlackFideId "422509"]
[EventDate "2020.05.09"]
[EventType "blitz"]

1. b3 c5 2. Bb2 d6 3. e3 e5 4. c4 Nc6 5. Nc3 g6 6. d3 Bg7 7. Nf3 Nge7 8. Be2 O-O
9. O-O h6 10. e4 f5 11. Nd5 f4 12. a3 g5 13. h3 Ng6 14. Nh2 Nh4 15. Bg4 Nd4 16.
Bxd4 exd4 17. g3 Ng6 18. Bxc8 Qxc8 19. Qh5 Kh7 20. Ng4 Ne5 21. Ne7 Qe6 22. Nf5
Rxf5 23. exf5 Qxf5 24. Nxe5 Bxe5 25. Rad1 Rg8 26. Qg4 Qf7 27. Rde1 h5 28. Qe2
Rg6 29. Qe4 Kh6 30. g4 hxg4 31. hxg4 f3 32. Rd1 Rf6 33. Kh1 Rf4 34. Qe1 Qh7 35.
Kg1 Rxg4+ 0-1

[Event "English Online Blitz Gp1"]
[Site "chess.com INT"]
[Date "2020.05.09"]
[Round "3"]
[White "Walker, David J"]
[Black "Horton, Andrew P"]
[Result "0-1"]
[WhiteTitle "FM"]
[BlackTitle "IM"]
[WhiteElo "2271"]
[BlackElo "2375"]
[WhiteFideId "400882"]
[BlackFideId "424269"]
[EventDate "2020.05.09"]
[EventType "blitz"]

1. c4 c5 2. Nf3 g6 3. d4 cxd4 4. Nxd4 Bg7 5. e4 Nc6 6. Be3 d6 7. Nc3 Nf6 8. Be2
O-O 9. O-O Nxd4 10. Bxd4 Be6 11. Qd2 Qa5 12. f3 Rfc8 13. b3 Nd7 14. Bxg7 Kxg7
15. Rac1 a6 16. Qb2 f6 17. Nd5 Bxd5 18. exd5 b5 19. Rfe1 Kf8 20. Bf1 bxc4 21.
Bxc4 Ne5 22. Qe2 Rc7 23. f4 Nxc4 24. Rxc4 Raa7 25. Qe6 Rxc4 26. bxc4 Qc5+ 27.
Kh1 Qxc4 28. Rb1 Rb7 29. Re1 Rc7 30. f5 Qg4 31. Rb1 Qxf5 32. Rb8+ Kg7 33. Rg8+
Kh6 34. Qe3+ g5 35. Qh3+ Qxh3 0-1

[Event "English Online Blitz Gp1"]
[Site "chess.com INT"]
[Date "2020.05.09"]
[Round "3"]
[White "Damodaran, Patrick"]
[Black "Robson, Adrian"]
[Result "1-0"]
[WhiteElo "1498"]
[BlackElo "1484"]
[WhiteFideId "465429"]
[BlackFideId "1544659"]
[EventDate "2020.05.09"]
[EventType "blitz"]

1. e4 e5 2. f4 exf4 3. Nf3 d6 4. d4 g5 5. h4 g4 6. Nfd2 Be7 7. Be2 Bxh4+ 8. Kf1
h5 9. b3 Nc6 10. Bb2 Bd7 11. d5 Ne5 12. Nc4 Bf6 13. Nxe5 Bxe5 14. Bxe5 dxe5 15.
Nc3 a6 16. d6 Nf6 17. dxc7 Qxc7 18. Nd5 Nxd5 19. Qxd5 Bc6 20. Qd1 Bxe4 21. Bxg4
Rd8 22. Qe2 Qxc2 23. Qxc2 Bxc2 24. Re1 e4 25. Rxh5 Rxh5 26. Bxh5 e3 27. g3 Rd1
28. Bxd1 Bxd1 29. Rxd1 fxg3 30. Kg2 f5 31. Kxg3 Ke7 32. Re1 Kd6 33. Rxe3 Kc5 34.
Kf4 Kb4 35. Kxf5 Ka3 36. Re2 b5 37. Ke5 a5 38. Kd5 a4 39. bxa4 bxa4 40. Kc6 Kb4
41. Re3 a3 42. Kb6 Ka4 43. Re4# 1-0

[Event "English Online Blitz Gp1"]
[Site "chess.com INT"]
[Date "2020.05.09"]
[Round "3"]
[White "Alizada, Eldar"]
[Black "Pert, Richard G"]
[Result "0-1"]
[BlackTitle "IM"]
[WhiteElo "1922"]
[BlackElo "2416"]
[WhiteFideId "464104"]
[BlackFideId "404748"]
[EventDate "2020.05.09"]
[EventType "blitz"]

1. d4 d5 2. Nf3 Nf6 3. c4 e6 4. Nc3 Bb4 5. e3 O-O 6. Bd3 b6 7. O-O Ba6 8. cxd5
Bxd3 9. Qxd3 exd5 10. a3 Bd6 11. b4 Re8 12. Bb2 a6 13. Rfe1 Nbd7 14. e4 dxe4 15.
Nxe4 Nxe4 16. Rxe4 Rxe4 17. Qxe4 Nf6 18. Qh4 Nd5 19. Qe4 Nf6 20. Qh4 Nd5 21. Qe4
c6 22. Ne5 Qe7 23. Re1 Re8 24. f3 Qc7 25. Qc2 f6 26. Nd3 Bxh2+ 27. Kh1 Rxe1+ 28.
Nxe1 Bg3 29. Qe4 Qf7 30. Nd3 Qh5+ 31. Kg1 Qh2+ 32. Kf1 Qh1+ 33. Ke2 Qxg2+ 34.
Kd1 Qg1+ 35. Kc2 Qe3 36. Qf5 Qe2+ 37. Kb3 Qc2+ 38. Kxc2 Ne3+ 39. Kd2 Nxf5 40. f4
h5 41. Ke2 g5 42. fxg5 fxg5 43. Kf3 Kf7 44. Ne5+ Bxe5 45. dxe5 Ke6 46. Bc1 Kxe5
47. Bxg5 Nd4+ 48. Ke3 Nc2+ 49. Kd2 Nxa3 50. Be3 Nc4+ 0-1

[Event "English Online Blitz Gp1"]
[Site "chess.com INT"]
[Date "2020.05.09"]
[Round "3"]
[White "Ward, Ieuan C"]
[Black "Adair, James R"]
[Result "0-1"]
[BlackTitle "IM"]
[WhiteElo "2028"]
[BlackElo "2450"]
[WhiteFideId "406627"]
[BlackFideId "406252"]
[EventDate "2020.05.09"]
[EventType "blitz"]

1. d4 Nf6 2. c4 e6 3. Nf3 b6 4. g3 Bb4+ 5. Bd2 Be7 6. Bg2 c6 7. O-O d5 8. b3 O-O
9. Bc3 Bb7 10. Nbd2 Na6 11. Qc2 c5 12. dxc5 Nxc5 13. Rad1 Qc8 14. cxd5 Nxd5 15.
Bb2 Rd8 16. Qb1 Bf6 17. Bxf6 Nxf6 18. Nc4 Bd5 19. Ne3 Be4 20. Qb2 Qa6 21. Nc4 h6
22. Rfe1 Rac8 23. Nd6 Rb8 24. Nxe4 Nfxe4 25. Nd4 Rbc8 26. Rc1 Rd6 27. Bxe4 Nxe4
28. Rxc8+ Qxc8 29. Rc1 Qd7 30. Nf3 f6 31. Qc2 Nc5 32. b4 Nb7 33. Qc8+ Kh7 34.
Qxd7 Rxd7 35. e3 Nd6 36. Nd4 e5 37. Nc6 Rc7 38. a4 a6 39. Rc2 g5 40. Kf1 g4 41.
Nd4 Rxc2 42. Nxc2 Kg6 43. Ke2 Kf5 44. Kd3 Ke6 45. Na3 Kd5 46. e4+ Nxe4 47. Ke3
f5 48. a5 bxa5 49. bxa5 Kc5 50. f3 gxf3 51. Kxf3 Kb4 52. g4 Kxa3 0-1

[Event "English Online Blitz Gp1"]
[Site "chess.com INT"]
[Date "2020.05.09"]
[Round "3"]
[White "Grieve, Harry"]
[Black "Willow, Jonah B"]
[Result "0-1"]
[WhiteTitle "FM"]
[BlackTitle "FM"]
[WhiteElo "2355"]
[BlackElo "2386"]
[WhiteFideId "426520"]
[BlackFideId "438804"]
[EventDate "2020.05.09"]
[EventType "blitz"]

1. e4 c5 2. Nf3 Nc6 3. d4 cxd4 4. Nxd4 g6 5. c4 Nf6 6. Nc3 d6 7. f3 Nxd4 8. Qxd4
Bg7 9. Be3 O-O 10. Qd2 Be6 11. Bd3 Rc8 12. b3 d5 13. exd5 Nxd5 14. Nxd5 Bxa1 15.
Nc3 Qa5 16. Nb5 Qxb5 17. cxb5 Bc3 18. Be4 Bxd2+ 19. Kxd2 Rfd8+ 20. Ke2 Bd5 21.
Bd3 b6 22. Rd1 f5 23. Bf4 Kf7 24. Rd2 Kf6 25. h4 Rc1 26. Rb2 Rg1 27. Kf2 Rh1 28.
Bg5+ Kf7 29. Bf1 h6 30. Bxh6 Rxh4 31. Bg5 Rh1 32. Re2 Be6 33. g3 Rh2+ 34. Bg2
Rd7 35. Bh4 f4 36. Kg1 fxg3 37. Bxg3 Rh5 38. Kf2 Rxb5 39. Be5 Rbd5 40. Bc3 Rd3
41. Bb4 a5 42. Be1 a4 43. bxa4 Ra3 44. f4 Ra7 45. Bc6 Rxa2 46. Rxa2 Bxa2 47. Bc3
Bb3 48. Bd4 Bxa4 49. Bxb6 Ra6 50. Bxa4 Rxa4 51. Be3 Ke6 52. Kf3 Kf5 53. Bd2 Ra3+
54. Be3 Rd3 55. Ke2 Ke4 56. Bd2 Rf3 57. Bc1 Rxf4 58. Bxf4 Kxf4 0-1

[Event "English Online Blitz Gp1"]
[Site "chess.com INT"]
[Date "2020.05.09"]
[Round "3"]
[White "Siddharth, Gopakumar"]
[Black "Bayat, Shohreh"]
[Result "1-0"]
[BlackTitle "WFM"]
[WhiteElo "1854"]
[BlackElo "2091"]
[WhiteFideId "5053463"]
[BlackFideId "12501018"]
[EventDate "2020.05.09"]
[EventType "blitz"]

1. e4 e6 2. d3 d5 3. Nd2 Nf6 4. Ngf3 c5 5. g3 Nc6 6. Bg2 Be7 7. O-O h6 8. Re1
Qc7 9. c3 b6 10. e5 Nd7 11. d4 Bb7 12. a4 c4 13. Nf1 Na5 14. N1d2 O-O-O 15. h4
g5 16. hxg5 hxg5 17. Qc2 Nf8 18. b4 cxb3 19. Nxb3 Nc4 20. Bxg5 Ng6 21. a5 b5 22.
a6 Bc6 23. Bxe7 Nxe7 24. Nc5 Nf5 25. Nd2 Rdg8 26. Nxc4 dxc4 27. Bxc6 Qxc6 28.
Qe4 Qxe4 29. Nxe4 Kc7 30. Reb1 Kc6 31. Ra5 Rb8 32. Kg2 Rhc8 33. Nc5 Ne7 34. Nb7
Nd5 35. Nd6 Nxc3 36. Rc1 Ne2 37. Re1 Nxd4 38. Nxc8 Rxc8 39. Rd1 Nb3 40. Ra2 Kc5
41. Rd7 Kb4 42. Rxa7 c3 43. Rc2 Nd4 44. Rc1 c2 45. Rb7 Nb3 46. a7 Nxc1 47. Rb8
Nd3 48. Rxc8 Nc5 49. Rxc5 Kxc5 50. a8=Q c1=Q 51. Qc8+ Kb4 52. Qxc1 Ka4 53. Qb2
b4 54. f4 b3 55. g4 Ka5 56. f5 exf5 57. gxf5 f6 58. exf6 Ka4 59. f7 Ka5 60. f8=Q
Ka6 61. Qxb3 Ka7 62. Qfa3# 1-0

[Event "English Online Blitz Gp1"]
[Site "chess.com INT"]
[Date "2020.05.09"]
[Round "3"]
[White "Williams, Simon K"]
[Black "Palucha, Szymon"]
[Result "1-0"]
[WhiteTitle "GM"]
[WhiteElo "2464"]
[BlackElo "1990"]
[WhiteFideId "404454"]
[BlackFideId "430005"]
[EventDate "2020.05.09"]
[EventType "blitz"]

1. d4 Nf6 2. Nf3 g6 3. Nc3 d5 4. Bf4 c6 5. e3 Bg4 6. Be2 Nbd7 7. Ne5 Bxe2 8.
Qxe2 Bg7 9. O-O-O Nh5 10. Nxd7 Nxf4 11. exf4 Qxd7 12. h4 h5 13. Nb1 O-O-O 14. c3
Kb8 15. Nd2 e6 16. Nf3 b6 17. Ne5 Qc7 18. Kb1 c5 19. Qb5 Bxe5 20. fxe5 Rc8 21.
Rc1 Rhd8 22. f3 Qc6 23. Qxc6 Rxc6 24. g4 Rh8 25. Rcd1 cxd4 26. Rxd4 Rc7 27. Kc2
Kb7 28. Kd3 a5 29. a4 Kc6 30. Rf4 Kb7 31. Rd4 Kc6 32. b4 Kb7 33. bxa5 bxa5 34.
Rb1+ Ka6 35. g5 Rhc8 36. Rb3 Rc4 37. f4 Rxd4+ 38. cxd4 Rc4 39. Rb8 Rxa4 40. Rf8
Ra3+ 41. Kd2 Kb5 42. Rxf7 Kc4 43. Rf6 Kxd4 44. Rxe6 Ra2+ 45. Kc1 Rf2 46. Rf6 a4
47. e6 a3 48. Kb1 Re2 49. Rxg6 Kc3 50. e7 Rxe7 51. Rc6+ Kd3 52. f5 Re1+ 53. Ka2
Ke4 54. f6 Rf1 55. Kxa3 d4 56. Kb3 d3 57. Re6+ Kd4 58. g6 d2 59. Rd6+ Ke3 60. g7
Rb1+ 61. Kc2 Rc1+ 62. Kb2 d1=Q 63. Rxd1 Rxd1 64. g8=Q 1-0

[Event "English Online Blitz Gp1"]
[Site "chess.com INT"]
[Date "2020.05.09"]
[Round "3"]
[White "Kalavannan, Koby"]
[Black "Sedykh, Mikhail"]
[Result "1-0"]
[WhiteTitle "FM"]
[WhiteElo "2324"]
[BlackElo "2119"]
[WhiteFideId "425753"]
[BlackFideId "447498"]
[EventDate "2020.05.09"]
[EventType "blitz"]

1. d4 d5 2. Nf3 Nf6 3. c4 e6 4. g3 dxc4 5. Bg2 a6 6. O-O Nc6 7. a4 Rb8 8. Nc3
Bb4 9. Bg5 h6 10. Bxf6 Qxf6 11. Ne4 Qe7 12. Qc2 Na5 13. Ne5 O-O 14. Nxc4 Nxc4
15. Qxc4 c6 16. Rfd1 Bd7 17. Rac1 Rfd8 18. Nc5 Ba5 19. b4 Bc7 20. e4 a5 21. bxa5
Bxa5 22. e5 b5 23. Qa2 bxa4 24. Qxa4 Bb4 25. Nxd7 Rxd7 26. Bxc6 Ra7 27. Qb3 Qf8
28. Qf3 Ra2 29. Ra1 Rb2 30. Ra7 Rd8 31. Rb7 Ba3 32. Rxb2 Bxb2 33. d5 exd5 34.
Bxd5 Bxe5 35. Bxf7+ Kh8 36. Re1 Bf6 37. Bg6 Qc5 38. Qe2 Rf8 39. Kg2 Bd4 40. f4
Qc6+ 41. Be4 Qb6 42. Qf3 Qb2+ 43. Re2 Qc3 44. Bd3 Qa1 45. Qe4 Qg1+ 46. Kh3 Kg8
47. Qh7+ Kf7 48. Qg6+ Kg8 49. Qe6+ Kh8 50. Qe4 Kg8 51. Rg2 Qc1 52. Qxd4 Qc8+ 53.
f5 Rxf5 54. Bxf5 Qxf5+ 55. Qg4 Qf7 56. Qc8+ Kh7 57. Qc2+ g6 58. Rf2 Qe6+ 59. Kg2
Qd5+ 60. Rf3 h5 61. Qc7+ Kh6 62. Qf4+ Kg7 63. Qf6+ Kh6 64. Qf8+ Kh7 65. Qf7+ 1-0